000
00269nam a2200097Ia 4500
008
120527s9999 xx 000 0 und d
100
_a
EBOH, C.Eric .et al
245
_a
Renewable natural resources sustainable economic,growth and poverty
260
_b
AIEA
942
_c
BK
999
_c
25336
_d
25336